| 000 | 00759nam a2200229 u 4500 | ||
|---|---|---|---|
| 005 | 20241011063812.0 | ||
| 008 | 090821s2001 r 000 0 eng d | ||
| 020 | _a8480886366 | ||
| 035 | _aUPN01000171971 | ||
| 049 | _aCG | ||
| 050 | 4 |
_aHQ798 _bC6.7 |
|
| 100 | 1 | _aCollins, Ivonne | |
| 245 | 1 | 0 |
_aSoy auténtica : _bmanual de supervivencia para chicas / _cIvonne Collins, Sandy Rideout ; tr. Betty Trabal. |
| 260 |
_aBarcelona, Esp. : _bAmat, _c2001. |
||
| 300 | _a247 p. | ||
| 534 |
_pTítulo original: _tToally me : the teenage girl´s survival guide |
||
| 650 | 0 |
_aAdolescentes _xConducta de vida _91767 |
|
| 650 | 4 |
_aEducación de adolescentes _9252 |
|
| 650 | 4 |
_aPADRES Y ADOLESCENTES _92808 |
|
| 700 | 1 |
_aRideout, Sandy, _ecoaut. |
|
| 905 | _aLibro | ||
| 999 |
_c144075 _d144075 |
||